000 00611nam a2200229Ia 4500
003 OSt
005 20220928141429.0
006 a|||||r|||| 00| 0
007 ta
008 220927b |||||||| |||| 00| 0 eng d
024 _a14906
037 _cTextual
040 _aSDCL
_cSDCL
_beng
041 _2eng
_aeng
082 _aV1:19(zQ)'N6, L2
100 _aWheeler-Bennett John
_9500063
245 0 _aSemblance of peace
260 _c1972
700 _a Nicholls Anthony
_9500064
942 _hV1:19(zQ)'N6, L2
_cTEXL
_2CC
999 _c817315
_d817315